Ideology and politics in modern India/ (Record no. 10046)

MARC details
000 -LEADER
fixed length control field 00758 a2200205 4500
010 ## - LIBRARY OF CONGRESS CONTROL NUMBER
LC control number ENG-89111
020 ## - INTERNATIONAL STANDARD BOOK NUMBER
International Standard Book Number 8124113691
Terms of availability 150.00
035 ## - SYSTEM CONTROL NUMBER
System control number EN-72644
037 ## - SOURCE OF ACQUISITION
Source of stock number/acquisition DBAD / PUB
082 14 - DEWEY DECIMAL CLASSIFICATION NUMBER
Classification number 320.954
090 ## - LOCALLY ASSIGNED LC-TYPE CALL NUMBER (OCLC); LOCAL CALL NUMBER (OCLC)
-- 10296
-- 10296
100 1# - MAIN ENTRY--PERSONAL NAME
Personal name Chandra, Bipan
245 1# - TITLE STATEMENT
Title Ideology and politics in modern India/
Statement of responsibility, etc by Bipan Chandra
260 ## - PUBLICATION, DISTRIBUTION, ETC. (IMPRINT)
Place of publication, distribution, etc New Delhi
Name of publisher, distributor, etc Har-Anand Publications Pvt. Ltd.
Date of publication, distribution, etc 2008 (repr)
270 ## - ADDRESS
Address E-49/3, Okhla Industrial Area, Phase-II
City New Delhi
Postal code 110 020
Telephone number 011- 41603490
Fax number 011-41708607
Electronic mail address haranand@rediffmail.com
300 ## - PHYSICAL DESCRIPTION
Extent xiii, 329 p.
Dimensions 22 cm ( pbk.)
500 ## - GENERAL NOTE
General note Includes Index
942 ## - ADDED ENTRY ELEMENTS (KOHA)
Institution code [OBSOLETE] dpl
Koha item type English Books
Call number prefix 320.954 / CHA
Holdings
Withdrawn status Lost status Source of classification or shelving scheme Damaged status Not for loan Collection code Home library Current library Source of acquisition Cost, normal purchase price Total Checkouts Full call number Barcode Date last seen Copy number Uniform Resource Identifier Cost, replacement price Price effective from Koha item type
    Dewey Decimal Classification   Not For Loan Non-fiction D.B.Act.Division D.B.Act.Division DBAD/PUB 150.00   320.954 EN-72644 15/09/2008 1 11067 150.00 15/09/2008 English Books

© Delhi Public Library
Hit Counter
free hit counter